00503nam a22001577a 450000500170000000800410001702000140005804100130007208200140008510000270009924500830012625000200020926000580022930000320028765000260031920240111070940.0240111b |||||||| |||| 00| 0 eng d a409045179 aEnglish  a346.7 NAT aNathan, CJM lEnglish  aA handbook on The Compulsory Motor Vehicle Insurance Act 1971 / cNathan, CJM  aSecond Edition  aDurban : bButterworth and Company (Pty) Ltd, c1979  bxvii, 204 pages ; c23 cm.  aLegal practice bLaw